MARC details
| 000 -CABECERA |
| campo de control de longitud fija |
01642nam a2200301 a 4500 |
| 001 - NÚMERO DE CONTROL |
| campo de control |
000000332 |
| 003 - IDENTIFICADOR DEL NÚMERO DE CONTROL |
| campo de control |
DO-SdBNP |
| 005 - FECHA Y HORA DE LA ÚLTIMA TRANSACCIÓN |
| campo de control |
20240412143207.0 |
| 008 - DATOS DE LONGITUD FIJA--INFORMACIÓN GENERAL |
| campo de control de longitud fija |
081212s2008 dr 001 0 spa d |
| 020 ## - NÚMERO INTERNACIONAL ESTÁNDAR DEL LIBRO |
| Número Internacional Estándar del Libro |
9945161816 |
| 020 ## - NÚMERO INTERNACIONAL ESTÁNDAR DEL LIBRO |
| Número Internacional Estándar del Libro |
9789945161814 |
| 040 ## - FUENTE DE LA CATALOGACIÓN |
| Centro catalogador/agencia de origen |
DO-SdBNP |
| Lengua de catalogación |
spa |
| Centro/agencia transcriptor |
BNPHU |
| 082 #4 - NÚMERO DE LA CLASIFICACIÓN DECIMAL DEWEY |
| Número de clasificación |
378.7293 |
| Número de documento/Ítem |
N964L |
| 100 1# - ENTRADA PRINCIPAL--NOMBRE DE PERSONA |
| Nombre de persona |
Núñez, Esclarecida |
| 9 (RLIN) |
1126 |
| 245 13 - MENCIÓN DE TÍTULO |
| Título |
El legado a los egresados : |
| Resto del título |
ideas y pensamientos de una rectora / |
| Mención de responsabilidad, etc. |
Esclarecida Núñez. |
| 260 ## - PUBLICACIÓN, DISTRIBUCIÓN, ETC. |
| Lugar de publicación, distribución, etc. |
Santo Domingo : |
| Nombre del editor, distribuidor, etc. |
Búho, |
| Fecha de publicación, distribución, etc. |
2008. |
| 300 ## - DESCRIPCIÓN FÍSICA |
| Extensión |
127 p. ; |
| Dimensiones |
23 cm. |
| 500 ## - NOTA GENERAL |
| Nota general |
Incluye datos biográficos del autor en la contra cubierta |
| 505 0# - NOTA DE CONTENIDO CON FORMATO |
| Título |
Presentación -- |
| -- |
Discurso toma de posesión como Rectora del Instituto Tecnológico del Cibao Oriental -- |
| -- |
Discursos de la Rectora de la Universidad ITECO correspondientes a los actos de investiduras ordinariast 2000-2007 -- |
| -- |
Discursos de la rectora de la Universidad ITECO correspondientes a los actos de investiduras extraordinarias -- Palabras de bienvenida a algunas de las personalidades que visitaron nuestra Universidad ITECO -- |
| -- |
Anexo I -- |
| -- |
Anexo II. |
| 590 ## - NOTA LOCAL (RLIN) |
| Nota local |
Inventariado, 2018/MFF |
| 610 #4 - PUNTO DE ACCESO ADICIONAL DE MATERIA--NOMBRE DE ENTIDAD CORPORATIVA |
| Nombre de entidad corporativa o nombre de jurisdicción como elemento de entrada |
Instituto Tecnológico del Cibao Oriental (República Dominicana) |
| 9 (RLIN) |
1127 |
| Subdivisión de forma |
Ensayos, conferencias, etc. |
| 650 #4 - PUNTO DE ACCESO ADICIONAL DE MATERIA--TÉRMINO DE MATERIA |
| Término de materia o nombre geográfico como elemento de entrada |
Educación superior |
| Subdivisión geográfica |
República Dominicana |
| 9 (RLIN) |
1128 |
| Subdivisión de forma |
Ensayos, conferencias, etc. |
| 650 #4 - PUNTO DE ACCESO ADICIONAL DE MATERIA--TÉRMINO DE MATERIA |
| Término de materia o nombre geográfico como elemento de entrada |
Universidades |
| Subdivisión general |
República Dominicana |
| -- |
Ensayos, conferencias, etc. |
| 9 (RLIN) |
1129 |
| 650 #4 - PUNTO DE ACCESO ADICIONAL DE MATERIA--TÉRMINO DE MATERIA |
| Término de materia o nombre geográfico como elemento de entrada |
Administración universitaria |
| Subdivisión general |
República Dominicana |
| 9 (RLIN) |
1130 |
| Subdivisión de forma |
Ensayos, conferencias, etc. |
| 700 1# - PUNTO DE ACCESO ADICIONAL--NOMBRE DE PERSONA |
| Nombre de persona |
Jerez, Juana María |
| 9 (RLIN) |
1131 |
| 910 ## - DATOS DE OPCIÓN DEL USUARIO (OCLC) |
| Datos de opción del usuario |
Validado. Control de calidad BNPHU |
| 942 ## - ELEMENTOS DE PUNTO DE ACCESO ADICIONAL (KOHA) |
| Fuente del sistema de clasificación o colocación |
Dewey Decimal Classification |
| Tipo de ítem Koha |
Libro |